| 000 | 00794nas a2200265 i 4500 | ||
|---|---|---|---|
| 001 | 2281 | ||
| 003 | ES-MaACL | ||
| 005 | 20250807062541.0 | ||
| 007 | t| | ||
| 008 | 950801d19401947xxub| | 1 ||ng d | ||
| 080 | _a(73) | ||
| 080 | _a61 | ||
| 245 | 0 | 0 | _aTechnical bulletin of the Registry of Medical Technologists. |
| 260 |
_a[Muncic : _bs.n.], _c[1940?]-1946. |
||
| 300 |
_a1 v. : _bgrab. ; _c25 cm. |
||
| 310 | _aBimestral | ||
| 362 | 0 | _a1940?-1946. | |
| 500 | _aDesde ene. de 1947 el boletÃn aparece incluido dentro de la paginación de la revista. | ||
| 650 | 1 | 7 |
_aMedicina _2embne _914891 |
| 700 | 1 |
_aGould, S.E, _eed. lit. _959336 |
|
| 772 | 0 | _aAmerican journal of clinical pathology | |
| 852 |
_aES-MaACL _jHEM-D-79 _xHem-1270 _d |
||
| 866 | 0 | _o1946 | |
| 999 |
_c2281 _d2281 |
||